000 00892nam a2200265 i 4500
003 DO-SdBNP
005 20250818100715.0
007 ta
008 240611b2024 dr ||||| |||| 00| 0 spa d
020 _z9789945941067
040 _aDO-SdBNP
_bspa
_cBNPHU
_erda
041 _aspa
082 4 _axxx
_bN964d
_222
100 1 _aNuñez Méndez, Maribel,
_eautor
_4aut.
_923557
245 1 0 _aEl docente novel en educación superior :
_bun programa de formación para el profesor universitario /
_cMaribel Nuñez Méndez, Maria Carla Picón
264 4 _aSanto Domingo :
_bDiEditores,,
_c©2024.
300 _a73 páginas :
_bilustraciones ;
_c24 cm.
336 _atexto
_btxt
_2rdacontent
337 _asin mediación
_bn
_2rdamedia
338 _avolumen
_bnc
_2rdacarrier
590 _aInventariado, 2024/DG
700 _aPicón, Maria Carla,
_eautor
_4aut.
_984882
910 _aDG
942 _2ddc
_cLBS1
999 _c56810
_d56810